000 00507nam a2200181Ia 4500
001 21428
005 20260306172918.0
008 260306t2006||||xx |||||||||||||| ||spa||
041 _aESP
082 _a345
_bC73
100 _aSanta María Mecq, Luis Carlos (ed.)
_eAUT
245 0 _aCódigo penal:
_bcódigo de procedimientos penales. Código procesal penal (artículos vigentes)
260 _c2006
300 _a109 páginas :
_c24 cm.
650 _aGEN
654 _aCDE
942 _cLIB
_dJUS
_fJUS
_2ddc
_n
999 _c21428
_d21428